UK Lease Events Review 2015 (Record no. 115611)

MARC details
000 -LEADER
fixed length control field 00793cam a22002055a 4500
001 - CONTROL NUMBER
control field L158980
008 - FIXED-LENGTH DATA ELEMENTS--GENERAL INFORMATION
fixed length control field 151118s2015 xxk f 000 0 eng d
035 ## - SYSTEM CONTROL NUMBER
System control number (Sirsi) u158980
041 0# - LANGUAGE CODE
Language code of text/sound track or separate title eng
110 2# - MAIN ENTRY--CORPORATE NAME
Corporate name or jurisdiction name as entry element MSCI
9 (RLIN) 6164
245 00 - TITLE STATEMENT
Title UK Lease Events Review 2015
Medium [electronic resource]
260 ## - PUBLICATION, DISTRIBUTION, ETC.
Place of publication, distribution, etc. London
Name of publisher, distributor, etc. MSCI
Date of publication, distribution, etc. 2015
520 ## - SUMMARY, ETC.
Summary, etc. Analyses trends affecting commercial leases including movement towards shorter flexible leases, break clauses and rent free periods, income security and potential for growth and tenant default.
651 #4 - SUBJECT ADDED ENTRY--GEOGRAPHIC NAME
Geographic name United Kingdom
Chronological subdivision
690 ## - LOCAL SUBJECT ADDED ENTRY--TOPICAL TERM (OCLC, RLIN)
Topical term or geographic name as entry element Landlord and tenant
9 (RLIN) 6252
690 ## - LOCAL SUBJECT ADDED ENTRY--TOPICAL TERM (OCLC, RLIN)
Topical term or geographic name as entry element Commercial property
9 (RLIN) 6227
710 ## - ADDED ENTRY--CORPORATE NAME
Corporate name or jurisdiction name as entry element Strutt & Parker
9 (RLIN) 2509
856 40 - ELECTRONIC LOCATION AND ACCESS
Uniform Resource Identifier <a href="https://www.msci.com/research-archive">https://www.msci.com/research-archive</a>
Public note View the itemfree of charge at www.msci.com
942 ## - ADDED ENTRY ELEMENTS (KOHA)
Suppress in OPAC 0
Holdings
Withdrawn status Lost status Source of classification or shelving scheme Damaged status Not for loan Home library Current library Shelving location Date acquired Total Checkouts Full call number Barcode Date last seen Copy number Price effective from Koha item type
    Dewey Decimal Classification     Virtual Virtual Online 18/11/2015   ONLINE PUBLICATION 158980-2001 06/08/2019 1 06/08/2019 Book